| 000 | 00633nam a2200193Ia 4500 | ||
|---|---|---|---|
| 003 | OSt | ||
| 005 | 20250530141846.0 | ||
| 008 | 210210b1982 xxu||||| |||| 00| 0 eng d | ||
| 040 | _cAL | ||
| 041 | _aKannada | ||
| 082 | _aK894.9 BHAK | ||
| 100 |
_aBHATTA (G S) mattu SHIVAKUMAR (K Y) _dಭಟ್ಟ (ಜಿ ಎಸ್) ಮತ್ತು ಶಿವಕುಮಾರ್ (ಕೆ ವೈ) _9211847 |
||
| 245 |
_aKaranta kelavu mukhagalu _bಕಾರಂತ: ಕೆಲವು ಮುಖಗಳು |
||
| 260 |
_aMaisuru _bMitra Prakashana _c1982 |
||
| 300 | _aiv,177 | ||
| 690 |
_aKannada Criticism _9211848 |
||
| 906 | _a036466 | ||
| 942 |
_2ddc _cBK |
||
| 999 |
_c86680 _d86680 |
||